The Gift of Dyslexia / Why Some of the Brightest People Can't Read and How They Can Learn (Record no. 9022)
[ view plain ]
| 000 -LEADER | |
|---|---|
| fixed length control field | 01442cam a22002054a 4500 |
| 005 - ΗΜΕΡΟΜΗΝΙΑ ΚΑΙ ΩΡΑ ΤΕΛΕΥΤΑΙΑΣ ΕΝΗΜΕΡΩΣΗΣ | |
| Πεδίο ελέγχου | 20250605164352.0 |
| 008 - FIXED-LENGTH DATA ELEMENTS--GENERAL INFORMATION | |
| Πεδίο ελέγχου σταθερού μήκους | 250528s ||||||||||||||||||||||||d |
| 035 ## - SYSTEM CONTROL NUMBER | |
| System control number | 24123 |
| 020 ## - ISBN | |
| ISBN | 285634127 |
| 040 ## - ΠΗΓΗ ΚΑΤΑΛΟΓΟΓΡΑΦΗΣΗΣ | |
| Φορέας πρωτότυπης καταλογογράφησης | MC Athens Campus Library |
| Γλώσσα καταλογογράφησης | Ελληνικά, Μοντέρνα (1453-) |
| Modifying agency | MC Athens Campus Library |
| Κανόνες περιγραφικής καταλογογράφησης | AACR2 |
| 245 1# - ΤΙΤΛΟΣ ΚΑΙ ΔΗΛΩΣΗ ΥΠΕΥΘΥΝΟΤΗΤΑΣ | |
| Τίτλος | The Gift of Dyslexia / Why Some of the Brightest People Can't Read and How They Can Learn |
| 260 ## - PUBLICATION, DISTRIBUTION, ETC. | |
| Place of publication, distribution, etc. | Burlingame, California |
| Name of publisher, distributor, etc. | Souvenir Press, |
| Date of publication, distribution, etc. | 1999 |
| 300 ## - PHYSICAL DESCRIPTION | |
| Extent | 258 |
| 520 ## - SUMMARY, ETC. | |
| Summary, etc. | Foreword, Acknowledgements, Preface, What Dyslexia Really Is, The Underlying Talent, The Learning Disability, Effects of Disorientation, Dyslexia in Action, Compulsive Solutions, Problems with Reading, Spelling Problems, Math Problems, Handwriting Problems, The Newest Disability: ADD, Clumsiness, A Real Solution, A Developmental Theory of Dyslexia, How Dyslexia Happens, The Two-Year-Old and the Kitten, Age Three to Five, The First Day of School, The Age of Disability, The Gift, Understanding the Talent, Curiosity, Creativity, The Gift of Mastery, Doing Something About It, How Can You Tell?, Symptoms of Disorientation, The Mind's Eye, Implementing the Davis Procedures, Perceptual Ability Assessment, Turning It Round, Release and Review, Fine Tuning, Coordination, Basic Symbol Mystery, Three Steps to Easier Reading, Continuing the Process, Glossary, Index. |
| 700 1# - ΠΡΟΣΘΕΤΗ ΑΝΑΓΡΑΦΗ--ΦΥΣΙΚΟ ΠΡΟΣΩΠΟ | |
| Personal name | Braun Eldon M |
| 9 (RLIN) | 9380 |
| 700 1# - ΠΡΟΣΘΕΤΗ ΑΝΑΓΡΑΦΗ--ΦΥΣΙΚΟ ΠΡΟΣΩΠΟ | |
| Personal name | Davis Ronald D |
| 9 (RLIN) | 9381 |
| 942 ## - ADDED ENTRY ELEMENTS (KOHA) | |
| Koha item type | Books |
| Τύπος τεκμηρίου | Βιβλιοθήκη | Τρέχουσα τοποθεσία | Barcode | Αριθμός εισαγωγής | Ημερομηνία απόκτησης | Ταξιθετικό σύμβολο | Αριθμός αντιτύπου | Κατάσταση απόσυρσης | Κατάσταση χαμένου | Κατάσταση κατεστραμμένου | Μη δανεισμός | Σύνολο δανεισμών | Ημερομηνία τελευταίας εμφάνισης | Η τιμή ισχύει από |
|---|---|---|---|---|---|---|---|---|---|---|---|---|---|---|
| Books | MC Athens Campus Library | MC Athens Campus Library | 9780000090218 | 7710 | 371.9444 DAV | 1 | 05/06/2025 | 05/06/2025 |